Countries of Europe in 1942 on a map - Statistics

General Stats
  • This quiz has been taken 275 times
    227 since last reset
  • The average score is 27 of 34
Answers on the Map
Answers color-coded by a green-red scale on the quiz's map according to % correct below.
 
Answer Stats
country % Correct
Germany
98%
Occupied France
93%
Soviet Union
93%
United Kingdom
93%
Finland
92%
Italy
92%
Ireland
91%
Norway
91%
Occupied Belgium
91%
Spain
91%
Turkey
91%
Denmark
89%
Portugal
89%
Romania
89%
Bulgaria
88%
Greece
88%
Hungary
88%
Sweden
88%
Switzerland
88%
Albania
86%
Reichskommissariat Netherlands
86%
Reichskommissariat Ukraine
86%
Montenegro
78%
Vichy France
76%
Slovakia
74%
Croatia
70%
Andorra
66%
Liechtenstein
61%
San Marino
58%
Vatican
57%
Monaco
55%
Bohemia and Moravia
47%
Reichskommissariat Ostland
35%
General Government
28%
No matching quizzes found
Score Distribution
Percent of People with Each Score
Percentile by Number Answered
Your Score History
You have not taken this quiz since the last reset